Cocina criolla Cartagenera de Veddá Veddá
Uloženo v:
| Korporativní autor: | |
|---|---|
| Médium: | Kniha |
| Jazyk: | španělština |
| Vydáno: |
Fundación para el Desarrollo Social Transformemos
2011
|
| Témata: | |
| Tagy: |
Přidat tag
Žádné tagy, Buďte první, kdo vytvoří štítek k tomuto záznamu!
|
MARC
| LEADER | 00000cam a2200000 a 4500 | ||
|---|---|---|---|
| 001 | UCF8071 | ||
| 003 | CL-VaPUC | ||
| 008 | 130725e20110000ck |||||||||||||||||spa|d | ||
| 020 | |a 9789588496276 | ||
| 082 | 0 | 4 | |a 641 |b FUN |2 21 |
| 110 | 2 | |a Fundación para el Desarrollo Social Transformemos |e author |9 570148 | |
| 245 | 1 | 0 | |a Cocina criolla Cartagenera de Veddá Veddá |
| 300 | |a 173 p | ||
| 942 | |c BK | ||
| 945 | |d 20130725 00:00:00 |a dcastane | ||
| 260 | |b Fundación para el Desarrollo Social Transformemos |c 2011 | ||
| 650 | 7 | |a COCINA INTERNACIONAL |2 CL-VaPUC |9 560691 | |
| 650 | 7 | |a COCINA TRADICIONAL |2 CL-VaPUC |9 570149 | |
| 650 | 0 | |a Gastronomía |9 324668 | |
| 651 | 0 | |a Colombia |9 256424 | |
| 583 | |a last modification |c 20130725 12:05:00 |k Rodrigo Vera | ||
| 999 | |c 352745 |d 352743 | ||
| 952 | |0 0 |1 0 |4 0 |6 641_000000000000000_FUN_2011 |7 0 |8 C |9 457362 |a BIBCUR |b BIBCUR |d 2019-11-22 |i 4990749 |o 641 FUN 2011 |p 4990749 |r 2025-04-22 |w 2019-11-22 |y BK |k CAC | ||